IFM Opac

Risk, Crisis and Security Management (Record no. 6661)

MARC details
000 -LEADER
fixed length control field 00500nam a2200169Ia 4500
020 ## - INTERNATIONAL STANDARD BOOK NUMBER
International Standard Book Number 0 470 68704 3
082 ## - DEWEY DECIMAL CLASSIFICATION NUMBER
Classification number 658.47 BOR
100 ## - MAIN ENTRY--PERSONAL NAME
Personal name Borodzicz, Edward P.
9 (RLIN) 5120
245 ## - TITLE STATEMENT
Title Risk, Crisis and Security Management
260 ## - PUBLICATION, DISTRIBUTION, ETC.
Place of publication, distribution, etc. Chichester:
260 ## - PUBLICATION, DISTRIBUTION, ETC.
Name of publisher, distributor, etc. John Wiley and Sons
260 ## - PUBLICATION, DISTRIBUTION, ETC.
Date of publication, distribution, etc. 2005
300 ## - PHYSICAL DESCRIPTION
Extent xi, 244 p.
Other physical details : ill. ; 24 cm.
500 ## - GENERAL NOTE
General note Includes bibliographical references and index
650 ## - SUBJECT ADDED ENTRY--TOPICAL TERM
Topical term or geographic name entry element Risk managementCrisis managementIndustries-security measures
9 (RLIN) 7548
942 ## - ADDED ENTRY ELEMENTS (KOHA)
Koha item type Books

No items available.